[Event "Monarch Assurance Isle of Man 11th"]
[Site "Port Erin IOM"]
[Date "2002.10.01"]
[Round "4.27"]
[White "Bennion, David A"]
[Black "Vuilleumier, Alex"]
[Result "1-0"]
[WhiteElo "2060"]
[BlackElo "2169"]
[PlyCount "49"]
[EventDate "2002.09.28"]
[EventType "swiss"]
[EventRounds "9"]
[EventCountry "IOM"]
[SourceTitle "BritBase"]
[SourceDate "2008.07.14"]
[SourceVersion "1"]
[SourceVersionDate "2008.07.14"]
[SourceQuality "2"]

1. e4 c5 2. Nf3 d6 3. d4 cxd4 4. Nxd4 Nf6 5. Nc3 Nc6 6. Bg5 e6 7. Qd2 a6 8.
O-O-O h6 9. Bf4 Bd7 10. Nxc6 Bxc6 11. f3 d5 12. exd5 Nxd5 13. Nxd5 Bxd5 14. Kb1
Qb6 15. Bd3 Bb4 16. c3 Be7 17. Rhg1 Bf6 18. c4 Bc6 19. Bd6 Bd4 20. Rge1 Ba4 21.
c5 Bxc5 22. Rxe6+ fxe6 23. Bg6+ Kd7 24. Bxc5+ Kc6 25. Qd6+ 1-0

[Event "Monarch Assurance Isle of Man 11th"]
[Site "Port Erin IOM"]
[Date "2002.10.01"]
[Round "4.28"]
[White "Goodger, Martyn"]
[Black "Lutton, J Ezra"]
[Result "0-1"]
[WhiteElo "2133"]
[BlackElo "2113"]
[PlyCount "62"]
[EventDate "2002.09.28"]
[EventType "swiss"]
[EventRounds "9"]
[EventCountry "IOM"]
[SourceTitle "BritBase"]
[SourceDate "2008.07.14"]
[SourceVersion "1"]
[SourceVersionDate "2008.07.14"]
[SourceQuality "2"]

1. e4 Nc6 2. Nf3 f5 3. exf5 d5 4. d4 Bxf5 5. Bb5 Nf6 6. Ne5 Qd6 7. Nc3 g6 8. g4
Bd7 9. Bxc6 Bxc6 10. Bf4 Qe6 11. Qe2 Bg7 12. O-O-O O-O 13. Bg3 Ne4 14. Qe3 Bxe5
15. Nxe4 Bxg3 16. Nxg3 Qxg4 17. Qxe7 Rxf2 18. Rhf1 Qf4+ 19. Kb1 Re8 20. Qb4 Qf3
21. Rde1 Rf8 22. Rxf2 Qxf2 23. a3 Qxh2 24. Qc3 Qg2 25. Re3 Qg1+ 26. Ka2 Rf2 27.
Nh5 Qg5 28. Ng3 Rxc2 29. Qe1 Bb5 30. Rf3 Qg4 31. Qf1 Bxf1 0-1

[Event "Monarch Assurance Isle of Man 11th"]
[Site "Port Erin IOM"]
[Date "2002.10.01"]
[Round "4.29"]
[White "Cheshire, Paul"]
[Black "Shepherd, Michael"]
[Result "0-1"]
[WhiteElo "1775"]
[BlackElo "2071"]
[PlyCount "48"]
[EventDate "2002.09.28"]
[EventType "swiss"]
[EventRounds "9"]
[EventCountry "IOM"]
[SourceTitle "BritBase"]
[SourceDate "2008.07.14"]
[SourceVersion "1"]
[SourceVersionDate "2008.07.14"]
[SourceQuality "2"]

1. e4 c5 2. Nf3 Nc6 3. d4 cxd4 4. Nxd4 Nf6 5. Nc3 d6 6. Bc4 Qb6 7. Nxc6 bxc6 8.
Bb3 g6 9. Be3 Qc7 10. f3 Bg7 11. Qd2 O-O 12. O-O-O c5 13. Nd5 Nxd5 14. Bxd5 Rb8
15. b3 Ba6 16. Bh6 Bxh6 17. Qxh6 Qa5 18. h4 c4 19. Qg5 Qxa2 20. Kd2 Rxb3 21. h5
Rd3+ 22. Ke2 Qxc2+ 23. Rd2 Rxd2+ 24. Qxd2 c3+ 0-1

[Event "Monarch Assurance Isle of Man 11th"]
[Site "Port Erin IOM"]
[Date "2002.10.01"]
[Round "4.30"]
[White "Waugh, Jonathon C"]
[Black "Purton, Ben"]
[Result "1-0"]
[WhiteElo "1930"]
[BlackElo "2067"]
[PlyCount "25"]
[EventDate "2002.09.28"]
[EventType "swiss"]
[EventRounds "9"]
[EventCountry "IOM"]
[SourceTitle "BritBase"]
[SourceDate "2008.07.14"]
[SourceVersion "1"]
[SourceVersionDate "2008.07.14"]
[SourceQuality "2"]

1. e4 c5 2. Nf3 Nc6 3. d4 cxd4 4. Nxd4 e5 5. Nb3 Nf6 6. Nc3 Bb4 7. Bg5 h6 8.
Bxf6 Qxf6 9. Be2 Qg6 10. Bf3 Bxc3+ 11. bxc3 d6 12. O-O f5 13. Bh5 1-0

[Event "Monarch Assurance Isle of Man 11th"]
[Site "Port Erin IOM"]
[Date "2002.10.01"]
[Round "4.31"]
[White "Spanton, Tim"]
[Black "Cross, Glenn"]
[Result "1/2-1/2"]
[WhiteElo "2008"]
[BlackElo "1992"]
[PlyCount "121"]
[EventDate "2002.09.28"]
[EventType "swiss"]
[EventRounds "9"]
[EventCountry "IOM"]
[SourceTitle "BritBase"]
[SourceDate "2008.07.14"]
[SourceVersion "1"]
[SourceVersionDate "2008.07.14"]
[SourceQuality "2"]

1. d4 Nf6 2. c4 e6 3. Nc3 Bb4 4. Bd2 O-O 5. g3 d5 6. Qb3 c5 7. a3 dxc4 8. Qxc4
Qxd4 9. Qxd4 cxd4 10. axb4 dxc3 11. bxc3 Bd7 12. Be3 Bc6 13. Nf3 b6 14. Bg2
Nbd7 15. O-O Ng4 16. Bd2 Nge5 17. Nd4 Bxg2 18. Kxg2 Nc4 19. Rfd1 Rfc8 20. Be1
Nde5 21. b5 Na5 22. e4 Nec4 23. Kf1 Rc5 24. Rab1 g6 25. Ke2 e5 26. Nf3 Na3 27.
Rb4 Nxb5 28. Rd7 Nc6 29. Rb3 Rd8 30. Rxd8+ Nxd8 31. c4 Nc7 32. Kd3 f6 33. Ra3
a6 34. Bd2 Kf7 35. Be3 Rc6 36. g4 Nde6 37. g5 Nc5+ 38. Bxc5 Rxc5 39. gxf6 Kxf6
40. h4 Rc6 41. Ra1 Ne6 42. Rg1 Nf4+ 43. Ke3 Rxc4 44. Nxe5 Kxe5 45. Rg5+ Ke6 46.
Kxf4 Rc5 47. Rxc5 bxc5 48. Ke3 a5 49. f4 a4 50. Kd3 h6 51. Kc4 Kf6 52. e5+ Ke6
53. Kc3 Kf5 54. Kc4 a3 55. Kb3 g5 56. fxg5 hxg5 57. hxg5 Kxg5 58. Kxa3 Kf5 59.
Kb3 Kxe5 60. Kc4 Kd6 61. Kc3 1/2-1/2

[Event "Monarch Assurance Isle of Man 11th"]
[Site "Port Erin IOM"]
[Date "2002.10.01"]
[Round "4.32"]
[White "Ormsby, Alan"]
[Black "Kelly, David"]
[Result "1/2-1/2"]
[WhiteElo "2069"]
[BlackElo "1860"]
[PlyCount "44"]
[EventDate "2002.09.28"]
[EventType "swiss"]
[EventRounds "9"]
[EventCountry "IOM"]
[SourceTitle "BritBase"]
[SourceDate "2008.07.14"]
[SourceVersion "1"]
[SourceVersionDate "2008.07.14"]
[SourceQuality "2"]

1. e4 e6 2. d4 d5 3. Nc3 Nf6 4. Bg5 Be7 5. e5 Ng8 6. Be3 b6 7. Qg4 g6 8. Bd3
Ba6 9. Bxa6 Nxa6 10. Qe2 Nb8 11. Nf3 h5 12. h4 Nh6 13. Bxh6 Rxh6 14. g3 Nc6 15.
O-O-O Qd7 16. Qe3 Rh8 17. Ng5 Bxg5 18. Qxg5 Qe7 19. Qe3 O-O-O 20. Kb1 Qd7 21.
a3 Ne7 22. Qd3 Kb7 1/2-1/2

[Event "Monarch Assurance Isle of Man 11th"]
[Site "Port Erin IOM"]
[Date "2002.10.02"]
[Round "5.1"]
[White "Zapata, Alonso"]
[Black "Sulskis, Sarunas"]
[Result "0-1"]
[WhiteElo "2549"]
[BlackElo "2577"]
[PlyCount "94"]
[EventDate "2002.09.28"]
[EventType "swiss"]
[EventRounds "9"]
[EventCountry "IOM"]
[SourceTitle "BritBase"]
[SourceDate "2008.07.14"]
[SourceVersion "1"]
[SourceVersionDate "2008.07.14"]
[SourceQuality "2"]

1. e4 e5 2. Nf3 Nc6 3. Bb5 a6 4. Bxc6 dxc6 5. O-O Qd6 6. d3 c5 7. Nbd2 f6 8.
Nc4 Qc6 9. a4 Be6 10. b3 Ne7 11. Be3 b6 12. c3 Ng6 13. Qc2 Bg4 14. Ne1 Rd8 15.
f3 Be6 16. g3 Be7 17. a5 b5 18. Nb2 O-O 19. c4 b4 20. Na4 Bh3 21. Ng2 f5 22.
Bf2 h5 23. Ne3 f4 24. Nd5 fxg3 25. Bxg3 Bxf1 26. Rxf1 Qe6 27. Nxc7 Qh3 28. Nd5
h4 29. Be1 Rxf3 30. Rxf3 Qxf3 31. Qg2 Qd1 32. Qd2 Qxb3 33. Nxe7+ Nxe7 34. Nxc5
Qb1 35. Qxb4 Qd1 36. Qd2 Qh5 37. h3 Nc6 38. Bf2 Rd6 39. Kh2 Rg6 40. Be3 Nd4 41.
Qf2 Rf6 42. Qg2 Rg6 43. Qf1 Rg3 44. Bxd4 exd4 45. Nd7 Rf3 46. Qg2 Rf7 47. Nb6
Qe5+ 0-1

[Event "Monarch Assurance Isle of Man 11th"]
[Site "Port Erin IOM"]
[Date "2002.10.02"]
[Round "5.3"]
[White "Dautov, Rustem"]
[Black "Gladyszev, Oleg"]
[Result "1/2-1/2"]
[WhiteElo "2617"]
[BlackElo "2388"]
[PlyCount "129"]
[EventDate "2002.09.28"]
[EventType "swiss"]
[EventRounds "9"]
[EventCountry "IOM"]
[SourceTitle "BritBase"]
[SourceDate "2008.07.14"]
[SourceVersion "1"]
[SourceVersionDate "2008.07.14"]
[SourceQuality "2"]

1. d4 Nf6 2. Nf3 g6 3. c4 Bg7 4. g3 O-O 5. Bg2 d6 6. O-O Nbd7 7. Nc3 e5 8. e4
c6 9. h3 Qb6 10. Re1 exd4 11. Nxd4 Ne8 12. Nb3 a5 13. Be3 Qb4 14. Nd4 a4 15. a3
Qa5 16. f4 Nc5 17. Qc2 Nf6 18. Rad1 Re8 19. g4 h5 20. g5 Nfd7 21. Bf2 Nb6 22.
Bf1 Ne6 23. Qd2 Nxd4 24. Bxd4 Bxd4+ 25. Qxd4 Be6 26. e5 d5 27. cxd5 Nxd5 28.
Ne4 Red8 29. Nd6 Qa7 30. Kh2 Qxd4 31. Rxd4 Nc7 32. Red1 Bd5 33. Bg2 Bxg2 34.
Kxg2 Ne6 35. Rb4 c5 36. Rxb7 Nxf4+ 37. Kg3 Ne2+ 38. Kf3 Nd4+ 39. Ke4 Rab8 40.
Rf1 Nf5 41. Rxb8 Rxb8 42. Rc1 Nd4 43. h4 Ne6 44. Rc4 Rxb2 45. Rxa4 Rg2 46. Ra8+
Nf8 47. Kf3 Rg4 48. Ne4 Kg7 49. Nf6 Rxh4 50. Ne8+ Kg8 51. Nf6+ Kg7 52. Ne8+ Kg8
53. a4 Rh3+ 54. Kf2 c4 55. Nf6+ Kg7 56. Ne8+ Kg8 57. Nf6+ Kg7 58. Rc8 c3 59.
Ne8+ Kg8 60. Nf6+ Kg7 61. Ke2 Rh2+ 62. Kd3 Rh3+ 63. Kc2 Re3 64. Ne8+ Kg8 65.
Nf6+ 1/2-1/2

[Event "Monarch Assurance Isle of Man 11th"]
[Site "Port Erin IOM"]
[Date "2002.10.02"]
[Round "5.5"]
[White "Stocek, Jiri"]
[Black "Burrows, Martin"]
[Result "1-0"]
[WhiteElo "2555"]
[BlackElo "2196"]
[PlyCount "53"]
[EventDate "2002.09.28"]
[EventType "swiss"]
[EventRounds "9"]
[EventCountry "IOM"]
[SourceTitle "BritBase"]
[SourceDate "2008.07.14"]
[SourceVersion "1"]
[SourceVersionDate "2008.07.14"]
[SourceQuality "2"]

1. e4 c5 2. Nf3 d6 3. d4 cxd4 4. Nxd4 Nf6 5. Nc3 a6 6. Bc4 e6 7. Bb3 Nbd7 8. f4
Nc5 9. e5 dxe5 10. fxe5 Nfd7 11. Bf4 b5 12. Qe2 Bb7 13. O-O-O Be7 14. Rhf1 b4
15. Na4 Nxb3+ 16. axb3 Rc8 17. Qg4 g6 18. Bh6 Nxe5 19. Qg3 Bd6 20. Bg7 Nf3 21.
Nxf3 Rxc2+ 22. Kb1 Be4 23. Rxd6 Rd2+ 24. Ka2 Rxd6 25. Bxh8 Rd1 26. Rxd1 Qxd1
27. Qb8+ 1-0

[Event "Monarch Assurance Isle of Man 11th"]
[Site "Port Erin IOM"]
[Date "2002.10.02"]
[Round "5.7"]
[White "Ulibin, Mikhail"]
[Black "Ledger, Andrew J"]
[Result "0-1"]
[WhiteElo "2589"]
[BlackElo "2408"]
[PlyCount "70"]
[EventDate "2002.09.28"]
[EventType "swiss"]
[EventRounds "9"]
[EventCountry "IOM"]
[SourceTitle "BritBase"]
[SourceDate "2008.07.14"]
[SourceVersion "1"]
[SourceVersionDate "2008.07.14"]
[SourceQuality "2"]

1. e4 e6 2. d4 d5 3. exd5 exd5 4. Nf3 Nf6 5. Bg5 Be7 6. Bd3 O-O 7. O-O h6 8.
Bh4 Nc6 9. Re1 Nb4 10. Nc3 Re8 11. Ne5 Be6 12. Bf1 Bf5 13. Rc1 Ne4 14. Qh5 Bxh4
15. Qxf7+ Kh8 16. Qxf5 Rxe5 17. dxe5 Bxf2+ 18. Kh1 Bxe1 19. Nxe4 Bh4 20. Rd1
Qe7 21. Nc3 Rf8 22. Qg6 Qxe5 23. g3 d4 24. a3 dxc3 25. axb4 Bg5 26. Bg2 Qe2 27.
Rb1 cxb2 28. h4 Rf2 29. Qe4 Qxe4 30. Bxe4 Bc1 31. b5 b6 32. c4 Kg8 33. Kg1 Rd2
34. Kf1 Kf7 35. Ke1 Ke6 0-1

[Event "Monarch Assurance Isle of Man 11th"]
[Site "Port Erin IOM"]
[Date "2002.10.02"]
[Round "5.8"]
[White "Neverov, Valery"]
[Black "Williams, Simon K"]
[Result "1-0"]
[WhiteElo "2587"]
[BlackElo "2421"]
[PlyCount "79"]
[EventDate "2002.09.28"]
[EventType "swiss"]
[EventRounds "9"]
[EventCountry "IOM"]
[SourceTitle "BritBase"]
[SourceDate "2008.07.14"]
[SourceVersion "1"]
[SourceVersionDate "2008.07.14"]
[SourceQuality "2"]

1. d4 e6 2. c4 f5 3. g3 Nf6 4. Bg2 Be7 5. Nc3 O-O 6. Nf3 d6 7. O-O Qe8 8. b4
Nc6 9. b5 Nd8 10. a4 Qh5 11. Ba3 Nf7 12. e3 Qh6 13. Qe2 Re8 14. e4 e5 15. dxe5
Ng4 16. h3 Ngxe5 17. Nxe5 Nxe5 18. f4 Nf7 19. Rae1 Bf6 20. Nd5 Bd8 21. Qd3 fxe4
22. Rxe4 Rxe4 23. Qxe4 Qe6 24. Qxe6 Bxe6 25. Re1 Bd7 26. Ne7+ Kf8 27. Bxb7 Rb8
28. Bc6 Bxe7 29. Bxd7 Bf6 30. Bb4 h5 31. Kg2 h4 32. Ba5 Be7 33. gxh4 g6 34. Re6
Nh8 35. Bc3 Kf7 36. Re2 Bf6 37. Ba5 Kg7 38. Bc6 Nf7 39. Bxc7 Rh8 40. a5 1-0

[Event "Monarch Assurance Isle of Man 11th"]
[Site "Port Erin IOM"]
[Date "2002.10.02"]
[Round "5.10"]
[White "Pert, Richard"]
[Black "Goloshchapov, Alexander"]
[Result "0-1"]
[WhiteElo "2357"]
[BlackElo "2544"]
[PlyCount "94"]
[EventDate "2002.09.28"]
[EventType "swiss"]
[EventRounds "9"]
[EventCountry "IOM"]
[SourceTitle "BritBase"]
[SourceDate "2008.07.14"]
[SourceVersion "1"]
[SourceVersionDate "2008.07.14"]
[SourceQuality "2"]

1. d4 Nf6 2. Nf3 g6 3. Bf4 Bg7 4. e3 c5 5. c3 b6 6. Nbd2 Bb7 7. h3 d6 8. Be2
Nbd7 9. O-O O-O 10. a4 a6 11. Bh2 Qc7 12. Qb1 Bc6 13. b4 a5 14. b5 Bb7 15. Rc1
Rac8 16. Bc4 Qb8 17. Qd3 Qa8 18. Qf1 Rc7 19. Re1 Rfc8 20. Rac1 cxd4 21. cxd4
Nd5 22. e4 Nb4 23. Ng5 Bh6 24. Bxf7+ Kh8 25. Rxc7 Rxc7 26. Ndf3 Nc2 27. Rd1
Bxe4 28. d5 Bxf3 29. Nxf3 Nf6 30. Qe2 Qb7 31. Bg3 Nb4 32. Nd4 Nbxd5 33. Bxd5
Qxd5 34. Nc6 Qe4 35. Qa2 Rc8 36. Qf7 Qxa4 37. Re1 Qxb5 38. Rxe7 Rf8 39. Nd8
Qb1+ 40. Kh2 Rxf7 41. Nxf7+ Kg7 42. Bxd6 Nd5 43. Rd7 Bf4+ 44. Bxf4 Nxf4 45.
Ng5+ Kf6 46. h4 Ne6 47. Rd6 Qb3 0-1

[Event "Monarch Assurance Isle of Man 11th"]
[Site "Port Erin IOM"]
[Date "2002.10.02"]
[Round "5.11"]
[White "Lalic, Bogdan"]
[Black "Daly, Colm"]
[Result "1-0"]
[WhiteElo "2540"]
[BlackElo "2338"]
[PlyCount "91"]
[EventDate "2002.09.28"]
[EventType "swiss"]
[EventRounds "9"]
[EventCountry "IOM"]
[SourceTitle "BritBase"]
[SourceDate "2008.07.14"]
[SourceVersion "1"]
[SourceVersionDate "2008.07.14"]
[SourceQuality "2"]

1. c4 Nf6 2. Nc3 g6 3. d4 d5 4. Nf3 Bg7 5. Bg5 Ne4 6. cxd5 Nxg5 7. Nxg5 e6 8.
Qd2 exd5 9. Qe3+ Kf8 10. Qf4 Bf6 11. h4 Kg7 12. e4 Be6 13. Nxe6+ fxe6 14. e5
Be7 15. h5 Qf8 16. h6+ Kg8 17. Qg4 Qf5 18. Qxf5 gxf5 19. g4 fxg4 20. Be2 Nc6
21. Rd1 Kf7 22. Bxg4 Bb4 23. f4 Rag8 24. Bh5+ Ke7 25. Kf2 Bxc3 26. bxc3 Kf8 27.
Be2 Ne7 28. c4 c6 29. c5 Kf7 30. Rb1 Rb8 31. Bh5+ Ng6 32. Rb3 b5 33. Ra3 a5 34.
Rg1 a4 35. Rf3 Rbf8 36. Ke2 Rhg8 37. f5 exf5 38. Rxf5+ Ke7 39. Rxf8 Rxf8 40.
Bxg6 Rg8 41. a3 hxg6 42. Kf3 b4 43. axb4 a3 44. Kg4 a2 45. Ra1 Ra8 46. h7 1-0

[Event "Monarch Assurance Isle of Man 11th"]
[Site "Port Erin IOM"]
[Date "2002.10.02"]
[Round "5.13"]
[White "Hutchinson, Norman A"]
[Black "Felgaer, Ruben"]
[Result "0-1"]
[WhiteElo "2175"]
[BlackElo "2528"]
[PlyCount "52"]
[EventDate "2002.09.28"]
[EventType "swiss"]
[EventRounds "9"]
[EventCountry "IOM"]
[SourceTitle "BritBase"]
[SourceDate "2008.07.14"]
[SourceVersion "1"]
[SourceVersionDate "2008.07.14"]
[SourceQuality "2"]

1. e4 c5 2. Nf3 d6 3. c3 Nf6 4. Be2 Bd7 5. Qc2 Qc7 6. d4 cxd4 7. Nxd4 Nc6 8.
Be3 Nxd4 9. Bxd4 e5 10. Be3 d5 11. exd5 Nxd5 12. Bg5 h6 13. Bc1 Bc5 14. O-O O-O
15. Nd2 Be6 16. Ne4 Bb6 17. a3 f5 18. Nd2 Nf4 19. Re1 Qc5 20. Ne4 fxe4 21. Be3
Qc6 22. Bf1 Bf5 23. Rad1 Kh8 24. Qb3 Qg6 25. g3 Bg4 26. Rd2 Bf3 0-1

[Event "Monarch Assurance Isle of Man 11th"]
[Site "Port Erin IOM"]
[Date "2002.10.02"]
[Round "5.15"]
[White "Rotstein, Arkadij"]
[Black "Dougherty, Michael"]
[Result "1-0"]
[WhiteElo "2557"]
[BlackElo "2320"]
[PlyCount "65"]
[EventDate "2002.09.28"]
[EventType "swiss"]
[EventRounds "9"]
[EventCountry "IOM"]
[SourceTitle "BritBase"]
[SourceDate "2008.07.14"]
[SourceVersion "1"]
[SourceVersionDate "2008.07.14"]
[SourceQuality "2"]

1. e4 c6 2. c4 d5 3. cxd5 cxd5 4. exd5 Nf6 5. Nc3 Nxd5 6. Nf3 Nc6 7. Bb5 e6 8.
O-O Be7 9. d4 O-O 10. Re1 a6 11. Bd3 g6 12. Bh6 Re8 13. Rc1 Nxc3 14. bxc3 Bf6
15. Be4 Qd6 16. h4 Bd7 17. h5 Rad8 18. Ng5 Bg7 19. hxg6 hxg6 20. Qg4 e5 21. Qh4
Qf8 22. Bd5 Re7 23. Bxg7 Qxg7 24. Nxf7 Rxf7 25. dxe5 Be8 26. c4 Kf8 27. Bxf7
Bxf7 28. e6 Be8 29. Qg5 Qe7 30. Qf4+ Kg7 31. Rb1 Rd4 32. Qc1 Qc5 33. Rxb7+ 1-0

[Event "Monarch Assurance Isle of Man 11th"]
[Site "Port Erin IOM"]
[Date "2002.10.02"]
[Round "5.16"]
[White "Kunte, Abhijit"]
[Black "Collins, Sam IRL"]
[Result "1/2-1/2"]
[WhiteElo "2477"]
[BlackElo "2313"]
[PlyCount "74"]
[EventDate "2002.09.28"]
[EventType "swiss"]
[EventRounds "9"]
[EventCountry "IOM"]
[SourceTitle "BritBase"]
[SourceDate "2008.07.14"]
[SourceVersion "1"]
[SourceVersionDate "2008.07.14"]
[SourceQuality "2"]

1. e4 c5 2. Nf3 e6 3. d4 cxd4 4. Nxd4 Nf6 5. Nc3 Nc6 6. Ndb5 Bb4 7. a3 Bxc3+ 8.
Nxc3 d5 9. exd5 exd5 10. Bd3 O-O 11. O-O d4 12. Ne4 Bf5 13. Bg5 Bxe4 14. Bxe4
h6 15. Bh4 g5 16. Bxc6 bxc6 17. Bg3 Qd5 18. Qd3 Rfe8 19. c3 dxc3 20. Qxc3 Ne4
21. Qc2 Nxg3 22. hxg3 Re4 23. Rac1 Rb8 24. Rfd1 Qe6 25. b4 Re2 26. Qxc6 Qxc6
27. Rxc6 a5 28. bxa5 Rbb2 29. a6 Rxf2 30. Rxh6 Rxg2+ 31. Kh1 Rxg3 32. Ra1 Rb5
33. Rf6 {(=)} Ra5 34. Raf1 Rgxa3 35. Rxf7 Rxa6 36. Kg2 Rb6 37. R7f6 Rxf6
1/2-1/2

[Event "Monarch Assurance Isle of Man 11th"]
[Site "Port Erin IOM"]
[Date "2002.10.02"]
[Round "5.19"]
[White "Brady, Stephen"]
[Black "Bennion, David A"]
[Result "1-0"]
[WhiteElo "2353"]
[BlackElo "2060"]
[PlyCount "143"]
[EventDate "2002.09.28"]
[EventType "swiss"]
[EventRounds "9"]
[EventCountry "IOM"]
[SourceTitle "BritBase"]
[SourceDate "2008.07.14"]
[SourceVersion "1"]
[SourceVersionDate "2008.07.14"]
[SourceQuality "2"]

1. e4 g6 2. d4 Bg7 3. Be3 d6 4. Nc3 Nf6 5. Qd2 c6 6. Nf3 b5 7. a3 Ng4 8. Bg5
O-O 9. h3 Nf6 10. Bd3 Nbd7 11. O-O Rb8 12. Rfe1 e5 13. Rad1 exd4 14. Nxd4 Qc7
15. Nf3 Ne5 16. Be2 Nc4 17. Bxc4 bxc4 18. Qxd6 Qxd6 19. Rxd6 Ne8 20. Rxc6 Rxb2
21. Nd5 Bb7 22. Rxc4 Nd6 23. Rc7 Nxe4 24. Rxb7 Nxg5 25. Rxb2 Nxf3+ 26. gxf3
Bxb2 27. a4 Kg7 28. Rb1 Ba3 29. Rb3 Rd8 30. c4 Bc5 31. Kf1 h5 32. Ke2 Re8+ 33.
Ne3 f5 34. Rb5 Rc8 35. Nd5 Re8+ 36. Ne3 Rc8 37. f4 Kh6 38. Rb7 a6 39. Nd5 Re8+
40. Kf3 Bd4 41. h4 Rc8 42. Rc7 Rb8 43. Rc6 Rb3+ 44. Ne3 a5 45. Ra6 Bxe3 46.
fxe3 Rb4 47. Rxa5 Rxc4 48. Ra7 Rc2 49. a5 Rb2 50. a6 Ra2 51. Kg3 Rb2 52. Rb7
Ra2 53. a7 g5 54. hxg5+ Kg6 55. Rb6+ Kg7 56. Rf6 Rxa7 57. Rxf5 Ra1 58. Rc5 Kg6
59. e4 Re1 60. Rc6+ Kg7 61. e5 Rf1 62. Rh6 Rg1+ 63. Kf2 Rh1 64. e6 h4 65. f5
Ra1 66. f6+ Kg8 67. Rg6+ Kh7 68. Rh6+ Kg8 69. e7 Ra8 70. Rxh4 Rb8 71. Re4 Re8
72. g6 1-0

[Event "Monarch Assurance Isle of Man 11th"]
[Site "Port Erin IOM"]
[Date "2002.10.02"]
[Round "5.20"]
[White "Lutton, J Ezra"]
[Black "Cooper, Lawrence"]
[Result "1-0"]
[WhiteElo "2113"]
[BlackElo "2349"]
[PlyCount "147"]
[EventDate "2002.09.28"]
[EventType "swiss"]
[EventRounds "9"]
[EventCountry "IOM"]
[SourceTitle "BritBase"]
[SourceDate "2008.07.14"]
[SourceVersion "1"]
[SourceVersionDate "2008.07.14"]
[SourceQuality "2"]

1. Nc3 Nf6 2. e4 e5 3. Bc4 Nc6 4. d3 Bb4 5. Bg5 h6 6. Bxf6 Bxc3+ 7. bxc3 Qxf6
8. Ne2 d6 9. O-O Be6 10. Bb5 g5 11. d4 a6 12. Ba4 Bc4 13. d5 b5 14. Bb3 Bxb3
15. cxb3 Ne7 16. a4 O-O 17. axb5 axb5 18. Qd3 Rab8 19. Ra5 b4 20. Ra7 bxc3 21.
Qxc3 Rfc8 22. Rxc7 Rxc7 23. Qxc7 Rxb3 24. Ng3 Rb4 25. Qd8+ Kh7 26. Nh5 Qg6 27.
Qxe7 Qxh5 28. Qxd6 Rxe4 29. Qe7 Qg6 30. d6 Rd4 31. d7 Qd6 32. Qxf7+ Kh8 33.
Qe8+ Kh7 34. Qf7+ Kh8 35. Qe8+ Kh7 36. d8=Q Qxd8 37. Qxe5 Qd6 38. Qf5+ Kg7 39.
Qf3 Rd3 40. Qb7+ Qd7 41. Qb1 Rd6 42. Rc1 Qg4 43. h3 Qd4 44. Qf5 Qf6 45. Rc7+
Kf8 46. Qc5 Qa1+ 47. Kh2 Qd4 48. Qxd4 Rxd4 49. Rh7 Rd6 50. Kg3 Kg8 51. Re7 Rd4
52. f3 Rb4 53. Re4 Rb2 54. h4 gxh4+ 55. Rxh4 Kg7 56. Rg4+ Kf6 57. Kh4 Rb5 58.
Ra4 Rb2 59. Ra6+ Kg7 60. g3 Rb3 61. f4 Rf3 62. Ra7+ Kf6 63. Kg4 Rb3 64. Ra6+
Kg7 65. f5 Rb5 66. Re6 Ra5 67. Rd6 Rb5 68. Kf4 Rb3 69. g4 Rb4+ 70. Kf3 Ra4 71.
Rd7+ Kf6 72. Rh7 Ra3+ 73. Kf4 Ra4+ 74. Kg3 1-0

[Event "Monarch Assurance Isle of Man 11th"]
[Site "Port Erin IOM"]
[Date "2002.10.02"]
[Round "5.21"]
[White "Ansell, Simon"]
[Black "Ellison, D George"]
[Result "1-0"]
[WhiteElo "2399"]
[BlackElo "2116"]
[PlyCount "85"]
[EventDate "2002.09.28"]
[EventType "swiss"]
[EventRounds "9"]
[EventCountry "IOM"]
[SourceTitle "BritBase"]
[SourceDate "2008.07.14"]
[SourceVersion "1"]
[SourceVersionDate "2008.07.14"]
[SourceQuality "2"]

1. e4 c5 2. Nf3 d6 3. c3 Nf6 4. Be2 g6 5. O-O Bg7 6. Bb5+ Bd7 7. Bxd7+ Nbxd7 8.
Re1 O-O 9. d4 e5 10. dxe5 Nxe5 11. Bg5 Qb6 12. Nxe5 dxe5 13. Qb3 Qc6 14. Nd2 b5
15. c4 a6 16. Rad1 Rad8 17. f3 h6 18. Be3 b4 {(=)} 19. Nf1 Kh7 20. Rd3 Rxd3 21.
Qxd3 Re8 22. Rd1 Bf8 23. Qc2 a5 24. Rd3 a4 25. Bf2 Nd7 26. Ne3 Nb6 27. Bg3 f6
28. Bh4 Be7 29. Qd1 Ra8 30. h3 Ra7 31. Qc2 Rd7 32. Nd5 Nxd5 33. exd5 Qa8 34.
Qe2 Qf8 {(=)} 35. Qd1 Qa8 36. d6 Bd8 37. Rd5 Qc6 38. Bf2 Bb6 39. f4 exf4 40.
Qe2 Kg7 41. Qe4 Qc8 42. Qxf4 Qe8 43. Bxc5 1-0

[Event "Monarch Assurance Isle of Man 11th"]
[Site "Port Erin IOM"]
[Date "2002.10.02"]
[Round "5.22"]
[White "Fox, Anthony"]
[Black "Marchand, Francois"]
[Result "0-1"]
[WhiteElo "2142"]
[BlackElo "2237"]
[PlyCount "94"]
[EventDate "2002.09.28"]
[EventType "swiss"]
[EventRounds "9"]
[EventCountry "IOM"]
[SourceTitle "BritBase"]
[SourceDate "2008.07.14"]
[SourceVersion "1"]
[SourceVersionDate "2008.07.14"]
[SourceQuality "2"]

1. e4 c6 2. d3 d5 3. Nd2 e5 4. Ngf3 Bd6 5. g3 Nf6 6. Bg2 O-O 7. O-O Nbd7 8. h3
Qc7 9. b3 a5 10. a4 b6 11. Bb2 Bb7 12. Re1 Rfe8 13. Nh4 Bc5 14. Nf5 Rad8 15.
Qe2 dxe4 16. dxe4 g6 17. Ne3 Bd4 18. c3 Bxe3 19. Qxe3 Nc5 20. Ba3 Rd3 21. Qg5
Kg7 22. Nc4 Nxb3 23. Rad1 h6 24. Qxf6+ Kxf6 25. Rxd3 Ba6 26. Rd6+ Re6 27. Rxe6+
Kxe6 28. Bf1 Nc5 29. Bxc5 bxc5 30. Rd1 Ke7 31. Kg2 Bxc4 32. Bxc4 Qb6 33. Be2
Qb2 34. Bg4 h5 35. Bc8 Qxc3 36. Rd7+ Ke8 37. Ra7 Qb4 38. Bd7+ Ke7 39. Bxc6+ Kd6
40. Ra6 c4 41. Bd5+ Kc5 42. Rc6+ Kd4 43. Rxc4+ Qxc4 44. Bxc4 Kxc4 45. f4 Kb4
46. h4 Kxa4 47. f5 Kb4 0-1

[Event "Monarch Assurance Isle of Man 11th"]
[Site "Port Erin IOM"]
[Date "2002.10.02"]
[Round "5.23"]
[White "Palus, Ryszard"]
[Black "Shepherd, Michael"]
[Result "1-0"]
[WhiteElo "2232"]
[BlackElo "2071"]
[PlyCount "55"]
[EventDate "2002.09.28"]
[EventType "swiss"]
[EventRounds "9"]
[EventCountry "IOM"]
[SourceTitle "BritBase"]
[SourceDate "2008.07.14"]
[SourceVersion "1"]
[SourceVersionDate "2008.07.14"]
[SourceQuality "2"]

1. d4 e6 2. c4 b6 3. Nf3 Bb7 4. g3 Nf6 5. Bg2 Be7 6. O-O O-O 7. Nc3 Ne4 8. Bd2
Bf6 9. Rc1 c5 10. dxc5 Nxc3 11. Bxc3 bxc5 12. Qd3 Be7 13. Ng5 Bxg5 14. Bxb7
Bxc1 15. Rxc1 Nc6 16. Bxa8 Qxa8 17. Qd6 Nb4 18. Bxb4 cxb4 19. Qxb4 Qe4 20. Qd2
f5 21. Qd3 Qb7 22. b3 f4 23. Rd1 fxg3 24. hxg3 Qb6 25. Qd4 Qxd4 26. Rxd4 Rf7
27. Rd6 Kf8 28. Ra6 1-0